| 000 | 00347nam a2200133Ia 4500 | ||
|---|---|---|---|
| 008 | 240624s9999 xx 000 0 und d | ||
| 041 | _aeng | ||
| 082 | _a330 GHO | ||
| 100 | _aGHOSH AMBAR | ||
| 245 | _aECONOMICS OF THE PUBLIC SECTOR | ||
| 260 |
_c2008 _aNew Delhi _bPrentice-Hall of India |
||
| 300 | _axii, : 347 : p. : cm. ; 24 | ||
| 365 |
_cRS _b36 |
||
| 999 |
_c9358 _d9358 |
||